programas de alfabetizacion funcional. (Registro nro. 36210)
[ vista simple ]
| 000 -CABECERA | |
|---|---|
| campo de control de longitud fija | 00583nam a2200145 a 4500 |
| 001 - NÚMERO DE CONTROL | |
| campo de control | 000036719 |
| 005 - FECHA Y HORA DE LA ÚLTIMA TRANSACCIÓN | |
| campo de control | 20200930075908.0 |
| 008 - DATOS DE LONGITUD FIJA--INFORMACIÓN GENERAL | |
| campo de control de longitud fija | 120126s1971 mx ac 000 0 spa d |
| 040 ## - FUENTE DE LA CATALOGACIÓN | |
| Centro catalogador/agencia de origen | DO-SdBNP |
| Lengua de catalogación | spa |
| Centro/agencia transcriptor | BNPHU |
| 245 00 - MENCIÓN DE TÍTULO | |
| Título | programas de alfabetizacion funcional. |
| 246 10 - FORMA VARIANTE DE TÍTULO | |
| Título propio/Titulo breve | La alfabetización funcional: |
| Resto del título | un método de formación para el desarrollo económico |
| 260 ## - PUBLICACIÓN, DISTRIBUCIÓN, ETC. | |
| Lugar de publicación, distribución, etc. | México : |
| Nombre del editor, distribuidor, etc. | UNESCO, |
| Fecha de publicación, distribución, etc. | 1971. |
| 300 ## - DESCRIPCIÓN FÍSICA | |
| Extensión | v. con varias paginaciones : |
| Otras características físicas | il., retrs. ; |
| Dimensiones | 29 cm. |
| 710 2# - PUNTO DE ACCESO ADICIONAL--NOMBRE DE ENTIDAD CORPORATIVA | |
| Nombre de entidad corporativa o nombre de jurisdicción como elemento de entrada | Seminario operacional Latinoamericano de alfabetización funcional (del 3 al 26 de mayo de 1971) |
| 9 (RLIN) | 63031 |
| Estado de retiro | Estado de pérdida | Restricciones de uso | No para préstamo | Código de colección | Localización permanente | Ubicación/localización actual | Ubicación en estantería | Fecha de adquisición | Número de inventario | Total de préstamos | Signatura topográfica completa | Código de barras | Fecha visto por última vez | Precio válido a partir de | Tipo de ítem Koha |
|---|---|---|---|---|---|---|---|---|---|---|---|---|---|---|---|
| Excluido de préstamo | Monografías: Libros y Folletos | General | General | En catalogación | 26.01.2012 | LF1 | 36719-10 | 25.06.2020 | 25.06.2020 | No se presta |
